000
00302nam a22001457a 4500
008
210427b ||||| |||| 00| 0 eng d
020
_a
9780471558958
041
_a
eng
080
_a
521
082
_a
521
100
_a
41
101
_a
AST
245
_a
StarList 2000
_c
Smith,R.D
942
_2
udc
_c
BK
999
_c
56819
_d
56819